Digital OBE Support System (OBE) / (Record no. 611655)
[ view plain ]
| 000 -LEADER | |
|---|---|
| fixed length control field | 01461nam a22001817a 4500 |
| 003 - CONTROL NUMBER IDENTIFIER | |
| control field | NUST |
| 005 - DATE AND TIME OF LATEST TRANSACTION | |
| control field | 20240923101426.0 |
| 082 ## - DEWEY DECIMAL CLASSIFICATION NUMBER | |
| Classification number | 005.1,SHA |
| 100 ## - MAIN ENTRY--PERSONAL NAME | |
| Personal name | Shahzad, Waseem |
| 9 (RLIN) | 123327 |
| 245 ## - TITLE STATEMENT | |
| Title | Digital OBE Support System (OBE) / |
| Statement of responsibility, etc. | Waseem Shahzad, Hashir Iqbal, Ali Tahir, Faizan Yousaf. |
| 260 ## - PUBLICATION, DISTRIBUTION, ETC. | |
| Place of publication, distribution, etc. | MCS, NUST |
| Name of publisher, distributor, etc. | Rawalpindi |
| Date of publication, distribution, etc. | 2024 |
| 300 ## - PHYSICAL DESCRIPTION | |
| Extent | 132 p |
| 505 ## - FORMATTED CONTENTS NOTE | |
| Formatted contents note | This project innovates in revolutionizing the OBE systems through a unified support mechanism for the teachers. It specifically focuses on the development and administration of course outlines, university and entity administration, addition, and mapping of Course Learning Outcomes (CLOs), Program Learning Outcomes (PLOs), and Program Educational Objectives (PEOs) that will be produced within the application. The optional feature of authentication and authorization is used so that this part is secure for access. The project supports the development and mapping of assessments through some pedagogical tools. It can also enhance the efficiency of the educational process. To meet accreditation, this system incorporates a dynamic approval mechanism that fast-tracks the process of approval. These new features will boost quality-insurance mechanisms of education within the OBE framework and, therefore, make the environment more agile and responsive. |
| 650 ## - SUBJECT ADDED ENTRY--TOPICAL TERM | |
| Topical term or geographic name entry element | UG BESE |
| 9 (RLIN) | 114271 |
| 651 ## - SUBJECT ADDED ENTRY--GEOGRAPHIC NAME | |
| Geographic name | BESE-26 |
| 9 (RLIN) | 125902 |
| 700 ## - ADDED ENTRY--PERSONAL NAME | |
| Personal name | Supervisor Dr. Ayesha Maqbool |
| 9 (RLIN) | 125967 |
| 942 ## - ADDED ENTRY ELEMENTS (KOHA) | |
| Source of classification or shelving scheme | |
| Koha item type | Project Report |
No items available.
